Pays qui contiennent la lettre P - Statistiques

Statistiques générales
  • Ce quiz a été pris 403 fois
  • Le résultat moyen est 14 sur 25
Statistiques - réponses
Indice Pays % Correct
1 x P Portugal
93%
2 x P Papouasie-Nouvelle-Guinée
80%
1 x P Pologne
80%
1 x P Pakistan
79%
1 x P Pérou
77%
1 x P Panama
74%
1 x P Paraguay
74%
3 x P Philippines
69%
1 x P République Démocratique du Congo
64%
1 x P Palaos
61%
1 x P République du Congo
61%
1 x P Pays-Bas
60%
1 x P Espagne
57%
1 x P République Dominicaine
57%
1 x P Japon
56%
1 x P République Tchèque
55%
1 x P République Centrafricaine
46%
1 x P Égypte
42%
1 x P Cap-Vert
36%
1 x P Népal
36%
1 x P Éthiopie
35%
2 x P Sao Tomé-et-Principe
34%
1 x P Singapour
33%
1 x P Chypre
31%
1 x P Saint-Christophe-et-Niévès
28%
Aucun quiz correspondant
Distribution des résultats
% des personnes avec chaque résultat
Percentile par nombre de réponses
Votre historique - résultats
Vous n’avez pas pris ce quiz